000 00447nam a2200157 i 4500
001 149803
003 ES-MaACL
005 20230906203249.0
007 t|
008 071024s1959 an ||||1| spa d
100 1 _aVancourt, Raymond.
_9113044
245 1 0 _aPensamiento moderno y filosofĂ­a cristiana /
_cRaymond Vancourt.
260 _aAndorra :
_bCasal I Vall,
_c[1959]
300 _a160 p. ;
_c19 cm.
852 _aES-MaACL
_jC-17267
_bR.45054
999 _c149803
_d149803